| 000 | 00405nam a22001697a 4500 | ||
|---|---|---|---|
| 005 | 20260413165048.0 | ||
| 008 | 160627b xxu||||| |||| 00| 0 eng d | ||
| 020 | _a81-314-0458-7 | ||
| 041 | _aeng | ||
| 082 | _a338.6420954 | ||
| 100 |
_aKumar, Saji _92997 |
||
| 245 | _aImpact of Globalisation on SMEs in India | ||
| 260 | _bICFAI | ||
| 300 | _a192 | ||
| 650 |
_ageographic India _98997 |
||
| 942 | _cBK | ||
| 999 |
_c4333 _d4332 |
||